000 00317nam a2200133 i 4500
001 bg
100 1 _aZIMAN, J. M.
245 0 _aThe physics of metals.
_nP. 1,
_pElectrons /
_cJ.M. Ziman.
260 _aCambridge,
_c1969.
040 _cBPK
041 _apol
942 _cKS
008 s pl f |000 0 pol
999 _c14033
_d14033
856 _uhttp://koha.tu.koszalin.pl/cgi-bin/koha/opac-detail.pl?biblionumber=14033
_yKatalog online BPK